Countries that were part of the Mexican Empire - Statistics

General Stats
  • This quiz has been taken 52 times
  • The average score is 8 of 9
Answer Stats
Countries % Correct
United States
100%
Belize
95%
Costa Rica
95%
El Salvador
92%
Guatemala
92%
Honduras
92%
Mexico
89%
Nicaragua
89%
France
32%
No matching quizzes found
Score Distribution
Percent of People with Each Score
Percentile by Number Answered
Your Score History
You have not taken this quiz